| 000 | 00752nam a2200253Ia 4500 | ||
|---|---|---|---|
| 001 | dia_1352 | ||
| 003 | CHAP | ||
| 005 | 20251021150616.0 | ||
| 008 | 220117s1967 xx 000 0 und d | ||
| 010 | _a171900 | ||
| 040 | _cCHAP | ||
| 082 | _a576.163 H3 | ||
| 100 |
_aHarrigan, W.F. _952832 |
||
| 245 |
_aLaboratory Methods in Food and Dairy Microbiology / _c by W.F. Harrigan and Margaret E. Mccance |
||
| 260 |
_aLondon. Academic Press. _c1967 |
||
| 300 | _a452 p. | ||
| 600 |
_aI. Mccance, Margaret E. _9150585 |
||
| 650 |
_a1.Alimentos _xmicrobiologĂa _9150586 |
||
| 650 |
_aMicrobiologĂa _975490 |
||
| 901 | _a576.163 H3 | ||
| 902 | _aM | ||
| 905 | _a0000001967 LONX 0000000000ING00 | ||
| 942 |
_cLIBRO _2ddc |
||
| 999 |
_c171900 _d171900 |
||